| 000 | 01113nam a2200325 a 4500 | ||
|---|---|---|---|
| 001 | 000048968 | ||
| 003 | DO-SdBNP | ||
| 005 | 20210716090625.0 | ||
| 008 | 190510s2018 dr 000 spa d | ||
| 020 | _a9789945590791 | ||
| 040 |
_aBPMSU _bspa _cBPMSU |
||
| 082 |
_aRD863.5 _bP925b 2017 _222 |
||
| 111 | 2 |
_aPremios FUNGLODE de Cuentos Juan Bosch _d(2017 : _cSanto Domingo ) |
|
| 245 | 0 |
_aBelleza fatal y otros cuentos. / _cRoberto Adames... [y otros] |
|
| 260 |
_aSanto Domingo : _bFundación Global Democracia y Desarrollo (FUNGLODE) _c2018. |
||
| 300 |
_a74 p. ; _c23 cm. |
||
| 500 | _a Incluye datos biográficos de los nominados en la contracubierta | ||
| 586 | _aPremios FUNGLODE /GFDD, 2017 | ||
| 590 | _aInventariado, 2021/VM | ||
| 650 | 4 | _aCuentos dominicanos | |
| 650 | 4 | _aLiteratura dominicana | |
| 650 | 4 | _aCertamenes literarios | |
| 650 | 4 | _aPremios literarios | |
| 700 | 1 | _aRodríguez, Danilo | |
| 700 | 1 | _aVillamán, Elizabeth | |
| 700 | 1 | _aGuzmán, Michel | |
| 710 | 2 | _aFundación Global Democracía y Desarrollo (República Dominicana) | |
| 910 | _aVMateo | ||
| 942 |
_2ddc _cBK |
||
| 999 |
_c13562 _d13562 |
||